Fleuves - mort subite - Statistiques

Statistiques générales
  • Ce quiz a été pris 403 fois
  • Le résultat moyen est 8 sur 19
Answers on the Grid
Answers color-coded by a green-red scale on the quiz's grid according to % correct below.
Nil
Kasaï
Potomac
Danube
Congo
Bani
Río Grande
Ohio
Yangtsé
Amazone
Pripiat
Limpopo
Saale
Rio Marañón
Mississippi
Moselle
Amour
Indus
Niger
Missouri
Klondike
Lomami
Mékong
Río Paraguay
Sutlej
Volga
Zambèze
Rhin
Fleuve Jaune
Gange
Volta
Wu
Yamuna
 
Statistiques - réponses
Réponse % Correct
Nil
98%
Danube
73%
Amazone
68%
Congo
63%
Mississippi
61%
Río Grande
51%
Rhin
46%
Gange
41%
Niger
38%
Volga
38%
Yangtsé
38%
Amour
37%
Mékong
35%
Fleuve Jaune
30%
Indus
28%
Zambèze
25%
Potomac
23%
Volta
17%
Limpopo
8%
Aucun quiz correspondant
Distribution des résultats
% des personnes avec chaque résultat
Percentile par nombre de réponses
Votre historique - résultats
Vous n’avez pas pris ce quiz